000 00870cab a2200265 4500
001 WB3047-58
008 090401t1994 xxu||||| |||| 00| 0 eng d
035 _a(Sirsi) u30073
041 _aeng
245 _aSteel city`s changing fortunes
260 _c1994
350 _a0
490 _aSunday Telegraph
_v11 December 1994, B6-7(3)
520 _aSupertram, the Meadowhall shopping centre, the role of the Sheffield Development Corporation and the Technopole business initiative are looked at in this review of Sheffield`s urban regeneration drive.
650 _aLOWER DON VALLEY
650 _aMEADOWHALL SHOPPING CENTRE
650 _aOUT-OF-TOWN SHOPPING CENTRES
650 _aSHEFFIELD DEVELOPMENT CORPORATION
650 _aSHEFFIELD
650 _aSUPERTRAM
650 _aTECHNOPOLE
690 _aURBAN RENEWAL
942 _n0
948 _c04/03/1997
999 _c20246
_d20246